Digital Control of Dynamic Systems (Record no. 23342)
[ view plain ]
| 000 -LEADER | |
|---|---|
| fixed length control field | 00263nam a22000977a 4500 |
| 008 - FIXED-LENGTH DATA ELEMENTS--GENERAL INFORMATION | |
| fixed length control field | 130410b xxu||||| |||| 00| 0 eng d |
| 020 ## - INTERNATIONAL STANDARD BOOK NUMBER | |
| Terms of availability | Avalable |
| International Standard Book Number | 8178088223 |
| 082 ## - DEWEY DECIMAL CLASSIFICATION NUMBER | |
| Classification number | 629.8FRA |
| 245 ## - TITLE STATEMENT | |
| Title | Digital Control of Dynamic Systems |
| Statement of responsibility, etc. | Franklin,Gene F. |
| 250 ## - EDITION STATEMENT | |
| Edition statement | 3rd Ed. |
| Withdrawn status | Lost status | Source of classification or shelving scheme | Damaged status | Not for loan | Permanent Location | Current Location | Shelving location | Date acquired | Total Checkouts | Full call number | Barcode | Date last seen | Price effective from | Koha item type |
|---|---|---|---|---|---|---|---|---|---|---|---|---|---|---|
| School of Interdisciplinary Engineering and Sciences (SINES) | School of Interdisciplinary Engineering and Sciences (SINES) | General Stacks | 04/10/2013 | 629.8FRA | RCMS000054 | 04/10/2013 | 04/10/2013 | Book |
